Transformacions territorials a l'àrea metropolitana de Barcelona : una visió a partir de l'enquesta de condicions de vida i hàbits de la població una visió a partir de l'enquesta de condicions de vida i hàbits de la població
ISBN:
9788492940004
Descripción Física:
117 p. : il., gràf., taules ; 30 cm
MARC
| LEADER | 00000nam a2200000Ia 4500 | ||
|---|---|---|---|
| 001 | 24164 | ||
| 008 | 160829s2010 xx 000 0 cat d | ||
| 020 | |a 9788492940004 | ||
| 080 | |a Bib-163 | ||
| 245 | |a Transformacions territorials a l'àrea metropolitana de Barcelona : |b una visió a partir de l'enquesta de condicions de vida i hàbits de la població | ||
| 260 | |a Barcelona : |b Institut d'Estudis Regionals i Metropolitans de Barcelona, |c 2010 | ||
| 300 | |a 117 p. : |b il., gràf., taules ; |c 30 cm | ||
| 490 | |a Papers (Institut d'Estudis Regionals i Metropolitans de Barcelona) ; 51 | ||
| 590 | |a A la coberta: Mancomunitat de Municipis de l'Àrea Metropolitana de Barcelona, Ajuntament de Barcelona, Diputació de Barcelona, Xarxa de municipis, Generalitat de Catalunya. | ||
| 590 | |a Text en català i castellà | ||
| 650 | |a Habitatge |x Catalunya |x Barcelona (Àrea metropolitana) |x Enquestes |9 50478 | ||
| 650 | |a Habitatge |x Catalunya |x Barcelona (Província) |x Enquestes |9 50479 | ||
| 650 | |a Mobilitat residencial |x Catalunya |x Barcelona (Àrea metropolitana) |x Enquestes I |9 50480 | ||
| 650 | |a Mobilitat residencial |x C |9 50481 | ||
| 710 | |a Institut d'Estudis Regionals i Metropolitans de Barcelona |9 17648 | ||
| 710 | 1 | |a Catalunya. |b Generalitat |9 12125 | |
| 710 | 2 | |a Mancomunitat de Municipis de l'Àrea Metropolitana de Barcelona |9 6256 | |
| 710 | 1 | |a Barcelona (Catalunya). |b Ajuntament |9 50981 | |
| 710 | 1 | |a Barcelona (Catalunya : Província). |b Diputació |9 52408 | |
| 901 | |a Arxiu | ||
| 942 | |n 1 | ||
| 952 | |0 0 |1 0 |4 0 |6 BIB163 |7 1 |9 56056 |a Arxiu |b Arxiu |d 2016-12-01 |l 0 |o Bib-163 |p 24164 |r 2016-12-01 00:00:00 |w 2016-12-01 |y ARXIU | ||
| 952 | |0 0 |1 0 |4 0 |6 3706_TRA |7 0 |8 EDU |9 91398 |a BGR |b BGR |c MUNDET |d 2011-12-13 |l 0 |o 37.06 Tra |p BGR-M4392 |r 2015-06-29 00:00:00 |w 2015-06-29 |y MON |0 0 | ||
| 999 | |c 59930 |d 59930 | ||